Hospodářské dějiny (16.-20. století)

Salvato in:
Dettagli Bibliografici
Autore principale: Stellner, František
Natura: Libro
Lingua:ceco
Pubblicazione: Praha Vysoká škola ekonomická v Praze. Nakladatelství Oeconomica 2006
Soggetti:
Tags: Aggiungi Tag
Nessun Tag, puoi essere il primo ad aggiungerne!!

MARC

LEADER 00000nam$a2200000$$$4500
001 0077278
005 20221025111630.3
020 |a 80-245-1141-X 
041 0 |a cze 
044 |a CZ 
245 1 0 |a Hospodářské dějiny  |b (16.-20. století)  |c František Stellner a kolektiv 
264 1 |a Praha  |b Vysoká škola ekonomická v Praze. Nakladatelství Oeconomica  |c 2006 
300 |a 139 s. 
610 2 0 |a dejiny hospodárske 
610 2 0 |a veda 
610 2 0 |a revolúcia priemyselná 
610 2 0 |a hospodárstvo svetové 
610 2 0 |a vojny 
610 2 0 |a vývoj hospodársky 
610 2 0 |a integrácia ekonomická medzinárodná 
100 1 |a Stellner, František